000 01008nam1a2200253 i 4500
001 RU\NLR\BIBL_A\011172747
005 20260406193934.0
035 _a(NLR Aleph) 011172747
090 _a11774807
_c11774806
100 _a20160516g20169999um y0rusy50 ca
101 0 _arus
102 _aRU
105 _a |||z||||||||
200 1 _aКадровое обеспечение в ФМС России ...
210 _aМосква
_cСоциздат
_d2016
215 _d20
225 1 _aБиблиотека журнала "Земляки"
_v...
601 0 1 _aРоссийская Федерация
_bФедеральная миграционная служба
_xКадры
_xПодготовка
_92439263
_3RU\NLR\AUTH\661451244
686 1 _aХ621.164.043
711 0 1 _aРоссийская Федерация
_bФедеральная миграционная служба
_3RU\NLR\AUTH\889956858
_9409840
852 _aNLR
_j2016-4/5128
942 _cBOOK